h1

h2

h3

h4

h5
h6
001021193 001__ 1021193
001021193 005__ 20260202104642.0
001021193 0247_ $$2datacite_doi$$a10.18154/RWTH-CONV-254902
001021193 037__ $$aRWTH-CONV-254902
001021193 041__ $$aGerman
001021193 1001_ $$0P:(DE-82)IDM05275$$avon Wittenhorst Zu Sonsfeld, Lisa$$b0$$eCorresponding author$$urwth
001021193 1112_ $$a36. Forum Bauinformatik$$cAachen$$d2025-09-24 - 2025-09-24$$gFBI 2025$$wGermany
001021193 245__ $$aUntersuchung zur Akzeptanz und Nutzung von Energie- und Komfortmonitoringsystemen in privaten Haushalten$$honline
001021193 260__ $$aAachen$$bGermany$$c2025
001021193 29510 $$aTagungsband des 36. Forum Bauinformatik : 24.-26. September 2025 = Proceedings of the 36th Forum Bauinformatik 2025 / herausgegeben von Baris Özcan, Hristo Vassilev, Anne Göbels, Oliver Schulz, Qirui Huang
001021193 300__ $$a139-146
001021193 3367_ $$033$$2EndNote$$aConference Paper
001021193 3367_ $$0PUB:(DE-HGF)8$$2PUB:(DE-HGF)$$aContribution to a conference proceedings$$bcontrib$$mcontrib
001021193 3367_ $$2BibTeX$$aINPROCEEDINGS
001021193 3367_ $$2DRIVER$$aconferenceObject
001021193 3367_ $$2DataCite$$aOutput Types/Conference Paper
001021193 3367_ $$2ORCID$$aCONFERENCE_PAPER
001021193 500__ $$aVeröffentlicht auf dem Publikationsserver der RWTH Aachen University
001021193 536__ $$0G:(BMWK)03EWR010$$aBMWK 03EWR010 - Reallabor SmartQuart (03EWR010)$$c03EWR010$$x0
001021193 591__ $$aGermany
001021193 653_7 $$aAkzeptanz
001021193 653_7 $$aEnergiemonitoring
001021193 653_7 $$aKomfortmonitoring
001021193 653_7 $$aNutzerverhalten
001021193 653_7 $$aPrivate Haushalte
001021193 7001_ $$0P:(DE-82)IDM02589$$aBeusker, Elisabeth$$b1$$eCorresponding author$$urwth
001021193 7870_ $$0RWTH-2025-05890$$iHasPart
001021193 7870_ $$0RWTH-2025-08088$$iRelatedTo
001021193 8564_ $$uhttps://publications.rwth-aachen.de/record/1021193/files/1021193.pdf$$yOpenAccess
001021193 909CO $$ooai:publications.rwth-aachen.de:1021193$$popenaire$$popen_access$$pVDB$$pdriver$$pdnbdelivery
001021193 9101_ $$0I:(DE-588b)36225-6$$6P:(DE-82)IDM05275$$aRWTH Aachen$$b0$$kRWTH
001021193 9101_ $$0I:(DE-588b)36225-6$$6P:(DE-82)IDM02589$$aRWTH Aachen$$b1$$kRWTH
001021193 915__ $$0StatID:(DE-HGF)0510$$2StatID$$aOpenAccess
001021193 915__ $$0LIC:(DE-HGF)CCBY4$$2HGFVOC$$aCreative Commons Attribution CC BY 4.0
001021193 9201_ $$0I:(DE-82)214220_20140620$$k214220$$lLehr- und Forschungsgebiet für Immobilienprojektentwicklung$$x0
001021193 961__ $$c2025-11-05$$x2025-11-05$$z2025-12-19
001021193 970__ $$aFBI0020
001021193 9801_ $$aFullTexts
001021193 980__ $$aI:(DE-82)214220_20140620
001021193 980__ $$aUNRESTRICTED
001021193 980__ $$aVDB
001021193 980__ $$acontrib